00451nam a2200157Ia 4500008004100000100002300041245007300064245002200137260003000159260000900189300001200198440003000210650002600240650001400266650001300280190430s9999 xx 000 0 und d aBurgos Jr., Nestor aBoracay road expansion rushed to meet island's reopening in october/ cNestor Burgos Jr. bPhilippine Daily Inquirer c2018 aJune 19 aPhilippine Daily Inquirer aBoracay (Philippines) aGeography arailroad